Cuentos de madres e hijos

Gespeichert in:
Bibliographische Detailangaben
1. Verfasser: Trueba, Antonio de (1819-1889)
Format: Buch
Sprache:Spanisch
Erschienen: Barcelona : Perelló y Vergés, 1915
Ausgabe:4ª ed.
Katalog:MANES:  Suchergebnis im Bibliothekskatalog
Schulbuchspezifische Eigenschaften:
Tags: Tag hinzufügen
Keine Tags, Fügen Sie den ersten Tag hinzu!
Hinzugefügt zu:27.04.1994
Geändert in:07.05.2025

MARC

LEADER 00000cam a2200000 i 4500
003 OSt
005 20250507134357.0
008 940428s19150000espa 000 1 spa d
040 |a uned  |b spa  |c centro-manes 
100 1 |a Trueba, Antonio de   |d (1819-1889)  |9 37055 
245 1 0 |a Cuentos de madres e hijos /   |c por Antonio de Trueba ; ilustraciones de Julián, Cuchy y Vall 
250 |a 4ª ed. 
260 |a Barcelona :   |b Perelló y Vergés,   |c 1915 
300 |a XVI, 334 p. :   |b il. 
546 |a España 
561 |5 es-BUNED  |3 8Infantil 438  |a España. Fondo Manes UNED  |k MANES 
690 0 |a EyL 
691 0 |a PRI 
942 |2 ddc  |c BK 
999 |c 93039  |d 93039 
999 |c manes:93039  |d 93039